Statistiques concernant Pays les plus pauvres par habitant • A-Z

Cliquez ici pour prendre le quiz!

Statistiques générales

  • Ce quiz a été pris 77 fois
  • Le résultat moyen est 14 sur 24

Statistiques - réponses

# PIB par habitant $ Pays le plus pauvre # % Correct
Z2,277ZimbabweZ
87%
Y2,300YemenY
78%
Q124,927QatarQ
76%
N1,153NigerN
72%
E1,434ÉrythréeE
69%
B808BurundiB
69%
R2,081RwandaR
67%
O2,352OugandaO
66%
V2,780VanuatuV
63%
H1,810HaïtiH
61%
D3,567DjiboutiD
60%
T1,612TogoT
60%
M1,172MalawiM
57%
S1,503Soudan du SudS
54%
L867LiberiaL
54%
C681Republiqué CentrafricaineC
54%
F9,857FidjiF
54%
I7,174IndeI
52%
A1,889AfghanistanA
51%
G1,686GambieG
43%
J9,212JamaiqueJ
40%
K1,958KiribatiK
39%
P3,803Papouasie-Nouvelle-GuinéeP
27%
U8,656UkraineU
25%

Distribution des résultats

Percentile by Number Answered

% des personnes avec chaque résultat

Votre développement - résultats

Vous n’avez pas pris ce quiz